Eminem Lieder - Statistiken

Allgemein
  • Dieses Quiz wurde 677 mal gespielt
  • Das Durchschnittsergebnis liegt bei 10 aus 16
Answers on the Grid
Answers color-coded by a green-red scale on the quiz's grid according to % correct below.
Till I collapse
Godzilla
222
Godzilla
Venom
Hulk
With me
Without me
Lose yourself
Houdini
Gangsta's Paradise
Not Afraid
Lucid dreams
Hope
Mockingbird
Moonlight
Drop it like it's hot
Happy
Enemy
The Real Slim Shady
Need to know
Shape of You
God´s Plan
The Monster
Stan
Cleanin' Out My Closet
444
5
When I'm gone
The Way I Am
 
Antwortstatistiken
Antwort % Korrekt
The Real Slim Shady
84%
Lose yourself
82%
Mockingbird
82%
Without me
77%
Houdini
74%
Not Afraid
71%
Till I collapse
70%
Godzilla
69%
Godzilla
68%
Stan
68%
Venom
68%
The Monster
62%
The Way I Am
49%
Cleanin' Out My Closet
48%
When I'm gone
47%
Moonlight
4%
Keine übereinstimmenden Quizze gefunden
Verteilung der Resultate
Anzahl Personen mit jedem Resultat
Perzentil nach korrekt beantworteten Fragen
Ihre Resultats-Entwicklung
Sie haben dieses Quiz noch nicht gespielt